Amarakaeri (Record no. 25724)

MARC details
000 -LEADER
fixed length control field 00515nam a2200133Ia 4500
008 - FIXED-LENGTH DATA ELEMENTS--GENERAL INFORMATION
fixed length control field 220620s9999||||xx |||||||||||||| ||und||
100 ## - MAIN ENTRY--PERSONAL NAME
Personal name Dallmeier, Francisco||Bravo, Adriana
245 #0 - TITLE STATEMENT
Title Amarakaeri
Remainder of title Connecting Biodiversity | Conectando la Biodiversidad
546 ## - LANGUAGE NOTE
Language note English[eng]
650 ## - SUBJECT ADDED ENTRY--TOPICAL TERM
Topical term or geographic name entry element biodiversity||conservation||environmental management||Amarakaeri Communal Reserve||Madre de Dios||peru||Ecological Impacts
700 ## - ADDED ENTRY--PERSONAL NAME
Personal name Tweedle, Michael
856 ## - ELECTRONIC LOCATION AND ACCESS
Uniform Resource Identifier <a href="https://doi.org/10.5479/si.16847062">https://doi.org/10.5479/si.16847062</a>
942 ## - ADDED ENTRY ELEMENTS (KOHA)
Koha item type E-Books
Holdings
Withdrawn status Lost status Damaged status Not for loan Home library Current library Date acquired Total Checkouts Date last seen Price effective from Koha item type
        Kerala University of Digital Sciences, Innovation and Technology Knowledge Centre Kerala University of Digital Sciences, Innovation and Technology Knowledge Centre 20/06/2022   20/06/2022 20/06/2022 E-Books